000
00229nam a2200097Ia 4500
005
20251222143135.0
008
251222s9999||||xx |||||||||||||| ||spa||
082
_a
231.3/E86
245
0
_a
EspĂritu Santo, Amor de Dios
942
_c
LIB
999
_c
12077
_d
12077